[Event "World ol U16"]
[Site "Nakhchivan"]
[Date "2022.10.02"]
[Round "1.15"]
[White "Nwedo, Khodani"]
[Black "Sakline Mostafa, Sajid"]
[Result "0-1"]
[WhiteElo "1356"]
[BlackElo "2001"]
[PlyCount "118"]
[EventDate "2022.10.02"]
[EventType "team-swiss"]
[EventRounds "9"]
[EventCountry "AZE"]
[SourceTitle "CBM 210 Extra"]
[Source "ChessBase"]
[SourceDate "2022.11.30"]
[SourceVersion "1"]
[SourceVersionDate "2022.11.30"]
[SourceQuality "1"]
[WhiteTeam "South Africa II"]
[BlackTeam "Bangladesh"]
[WhiteTeamCountry "RSA"]
[BlackTeamCountry "BAN"]

1. d4 Nf6 2. c4 g6 3. Nc3 Bg7 4. e4 d6 5. h3 0-0 6. Be3 e5 7. d5 Nbd7 8. g4 Nc5 9. Qc2 a5 10. Nge2 Ne8 11. Ng3 Bf6 12. Qd2 Bh4 13. Rg1 Ng7 14. Bh6 f6 15. Be2 Bg5 16. Bxg5 fxg5 17. f3 Qf6 18. Kf2 Bd7 19. Kg2 Kf7 20. b3 Ke7 21. Rab1 b6 22. Qe3 Rg8 23. Bd1 Qf4 24. Qxf4 exf4 25. Nge2 Nd3 26. Bc2 Ne5 27. Nd4 Ne8 28. Kf2 Nf6 29. Rg2 h5 30. Rbg1 hxg4 31. hxg4 Rh8 32. Ndb5 Rh3 33. Bd1 Rah8 34. Be2 R8h4 35. a3 Bxb5 36. Nxb5 Kd8 37. Nd4 Kd7 38. b4 Rh8 39. bxa5 bxa5 40. Rb1 Rh1 41. Rb7 Ra1 42. Nb5 Ne8 43. Ra7 Rhh1 44. Rxa5 Ra2 45. Rg1 Rxg1 46. Kxg1 Rxe2 47. Kf1 Rd2 48. Ra8 Nxf3 49. Na7 Ne5 50. Nc6 Nxc6 51. dxc6+ Ke7 52. a4 Rd4 53. a5 Rxc4 54. a6 Rxc6 55. a7 Ra6 56. Ke2 Nf6 57. Kf3 Ra3+ 58. Ke2 Nxg4 59. Kf1 f3 0-1

[Event "Dhaka Chowdhury Memorial op-B 2nd"]
[Site "Dhaka"]
[Date "2022.07.06"]
[Round "6"]
[White "Mahin, Ahmed Shuvo"]
[Black "Sakline Mostafa, Sajid"]
[Result "1/2-1/2"]
[WhiteElo "1807"]
[BlackElo "1979"]
[PlyCount "127"]
[EventDate "2022.07.02"]
[EventType "swiss"]
[EventRounds "9"]
[EventCountry "BAN"]
[SourceTitle "EXT 2023"]
[Source "ChessBase"]
[SourceDate "2022.10.05"]
[SourceVersion "1"]
[SourceVersionDate "2022.10.05"]
[SourceQuality "1"]

1. d4 Nf6 2. Bf4 d5 3. e3 c5 4. c3 Nc6 5. Nd2 Bf5 6. Qb3 Qd7 7. Ngf3 c4 8. Qd1 e6 9. Ne5 Qc8 10. b3 Ba3 11. bxc4 Bb2 12. c5 Bxa1 13. Qxa1 0-0 14. Bb5 Nd7 15. Nxd7 Qxd7 16. Bd6 Rfc8 17. 0-0 a6 18. Ba4 Re8 19. Qb2 b5 20. Bc2 Bxc2 21. Qxc2 Na5 22. a4 Ra7 23. h3 Rea8 24. Rb1 Rb7 25. Rb4 bxa4 26. Rxa4 Nb3 27. Ra3 Nxd2 28. Qxd2 Qb5 29. Qa2 a5 30. Ra4 Qb1+ 31. Qxb1 Rxb1+ 32. Kh2 Rb3 33. Bc7 Rxc3 34. Rxa5 Rxa5 35. Bxa5 Rc2 36. Kg3 f6 37. f4 Kf7 38. Bc7 h5 39. Kf3 f5 40. Be5 g6 41. Bd6 Ke8 42. Be5 Kd7 43. Bd6 Kc6 44. Be5 Kb5 45. Bd6 Ka4 46. Be7 Kb3 47. g4 hxg4+ 48. hxg4 Kc4 49. Bd6 Kd3 50. gxf5 gxf5 51. Be5 Rc1 52. Kg3 Kxe3 53. Kh4 Rg1 54. Kh5 Kd3 55. c6 Kc4 56. c7 Rg8 57. Kh6 Kb5 58. Kh7 Rc8 59. Kg7 Kc6 60. Kf6 Kd7 61. Kf7 Re8 62. Kf6 Rf8+ 63. Kg7 Rc8 64. Kf7 1/2-1/2

[Event "Dhaka Chowdhury Memorial op-B 2nd"]
[Site "Dhaka"]
[Date "2022.07.05"]
[Round "5"]
[White "Sakline Mostafa, Sajid"]
[Black "Asaduzzaman, Ahad"]
[Result "1-0"]
[WhiteElo "1979"]
[BlackElo "1831"]
[PlyCount "79"]
[EventDate "2022.07.02"]
[EventType "swiss"]
[EventRounds "9"]
[EventCountry "BAN"]
[SourceTitle "EXT 2023"]
[Source "ChessBase"]
[SourceDate "2022.10.05"]
[SourceVersion "1"]
[SourceVersionDate "2022.10.05"]
[SourceQuality "1"]

1. e4 Nc6 2. Nf3 f5 3. exf5 d5 4. Bb5 Bxf5 5. Ne5 Bd7 6. Bxc6 bxc6 7. d4 Nf6 8. 0-0 e6 9. Re1 Bd6 10. Be3 Rb8 11. b3 0-0 12. Nd2 Bb4 13. c3 Bxc3 14. Rc1 Ba5 15. a3 c5 16. dxc5 c6 17. b4 Bc7 18. Bd4 a5 19. Rb1 axb4 20. axb4 Rb5 21. Qe2 Bxe5 22. Bxe5 Bc8 23. Bd6 Rf7 24. Be5 Rfb7 25. Ra1 Rxb4 26. Ra8 Kf7 27. Nf3 Ne4 28. Nd4 Qd7 29. f3 Nf6 30. Qd3 g6 31. h4 Ne8 32. Qe3 Rb1 33. Qf4+ Kg8 34. Rxb1 Rxb1+ 35. Kh2 Rb4 36. h5 Ng7 37. Qf6 Rb7 38. Qxg7+ Qxg7 39. Bxg7 Kxg7 40. Rxc8 1-0

[Event "Dhaka Chowdhury Memorial op-B 2nd"]
[Site "Dhaka"]
[Date "2022.07.04"]
[Round "4"]
[White "Md Nesar, Uddin"]
[Black "Sakline Mostafa, Sajid"]
[Result "0-1"]
[WhiteElo "1727"]
[BlackElo "1979"]
[PlyCount "56"]
[EventDate "2022.07.02"]
[EventType "swiss"]
[EventRounds "9"]
[EventCountry "BAN"]
[SourceTitle "EXT 2023"]
[Source "ChessBase"]
[SourceDate "2022.10.05"]
[SourceVersion "1"]
[SourceVersionDate "2022.10.05"]
[SourceQuality "1"]

1. d4 d5 2. Bf4 c5 3. e3 Nc6 4. Nf3 Nf6 5. c3 Qb6 6. Na3 c4 7. b4 Ne4 8. Qc2 Bf5 9. Nh4 e6 10. Nxf5 exf5 11. Rb1 a5 12. bxa5 Qxa5 13. Nb5 Nb4 14. Nc7+ Qxc7 15. Rxb4 Qc6 16. Rb1 Ra3 17. Qb2 Nxc3 18. Qxb7 Qxb7 19. Rxb7 Nxa2 20. Rb8+ Kd7 21. Ke2 Nc3+ 22. Kf3 Ra2 23. Bxc4 dxc4 24. Rc1 Ne4 25. Bg3 Nd2+ 26. Ke2 Nb3+ 27. Kd1 Nxc1 28. Kxc1 Ba3+ 0-1

[Event "Dhaka Chowdhury Memorial op-B 2nd"]
[Site "Dhaka"]
[Date "2022.07.03"]
[Round "3"]
[White "Sakline Mostafa, Sajid"]
[Black "Bappi, Ab"]
[Result "0-1"]
[WhiteElo "1979"]
[BlackElo "1839"]
[PlyCount "138"]
[EventDate "2022.07.02"]
[EventType "swiss"]
[EventRounds "9"]
[EventCountry "BAN"]
[SourceTitle "EXT 2023"]
[Source "ChessBase"]
[SourceDate "2022.10.05"]
[SourceVersion "1"]
[SourceVersionDate "2022.10.05"]
[SourceQuality "1"]

1. d4 Nf6 2. c4 c6 3. Nc3 d5 4. e3 g6 5. Nf3 Bg7 6. Be2 0-0 7. 0-0 Re8 8. Qb3 Qb6 9. Bd2 Qxb3 10. axb3 Bg4 11. h3 Bxf3 12. Bxf3 e6 13. Rad1 Nbd7 14. Bc1 Bf8 15. g3 Nb6 16. Be2 e5 17. dxe5 Rxe5 18. cxd5 Nfxd5 19. Nxd5 Rxd5 20. e4 Re5 21. Bf3 Ree8 22. Be3 Rad8 23. Rxd8 Rxd8 24. Ra1 Nc8 25. Be2 a6 26. f4 Bb4 27. Kg2 Kg7 28. Kf3 Ne7 29. Rc1 f5 30. e5 h5 31. Rg1 b5 32. Ra1 a5 33. Rc1 Kf7 34. Kg2 Ke6 35. Kf3 Ra8 36. Bd1 Kf7 37. Ke2 Ke6 38. Bc2 Rd8 39. Bd3 Ra8 40. Bc2 Rd8 41. Rg1 Nd5 42. Bc1 Rh8 43. Kf3 Ne7 44. Ke2 Rd8 45. Bd3 Ra8 46. Bc2 Rd8 47. Rg2 Ra8 48. Be3 Rc8 49. Rg1 Nd5 50. Bc1 Ne7 51. Rd1 Ra8 52. Be3 Nd5 53. Bc1 a4 54. bxa4 bxa4 55. Rd3 Ra5 56. Kd1 Ra8 57. Ke2 Ra5 58. Kd1 Ra8 59. Bb1 Ke7 60. Ba2 Ra5 61. Rd4 Bc5 62. Rc4 Kd7 63. Ke2 a3 64. Bd2 Rb5 65. bxa3 Bxa3 66. Ra4 Bc5 67. Bc4 Rb2 68. Bxd5 cxd5 69. Ra5 Rxd2+ 0-1

[Event "Dhaka Walton op"]
[Site "Dhaka"]
[Date "2022.04.10"]
[Round "7"]
[White "Sakline Mostafa, Sajid"]
[Black "Nurul, Islam Emon"]
[Result "1-0"]
[WhiteElo "2005"]
[BlackElo "1879"]
[PlyCount "45"]
[EventDate "2022.04.04"]
[EventType "swiss"]
[EventRounds "9"]
[EventCountry "BAN"]
[SourceTitle "CBM 207 Extra"]
[Source "ChessBase"]
[SourceDate "2022.05.31"]
[SourceVersion "1"]
[SourceVersionDate "2022.05.31"]
[SourceQuality "1"]

1. d4 Nf6 2. c4 c5 3. d5 e6 4. Nc3 exd5 5. cxd5 d6 6. g3 g6 7. Bg2 Bg7 8. Nf3 b5 9. Nxb5 Qa5+ 10. Nc3 0-0 11. 0-0 Ba6 12. Bf4 Qb6 13. Qb3 Qxb3 14. axb3 Ne8 15. Rfe1 h6 16. h4 Bb7 17. Nd2 Nd7 18. Nc4 Ne5 19. Nxe5 dxe5 20. Be3 Rc8 21. Rxa7 Nd6 22. Na4 c4 23. Bc5 1-0

[Event "BAN-chT"]
[Site "Dhaka"]
[Date "2022.03.17"]
[Round "8.5"]
[White "Sakline Mostafa, Sajid"]
[Black "Saiful Islam, Chowdhury"]
[Result "0-1"]
[WhiteElo "2039"]
[BlackElo "2075"]
[PlyCount "132"]
[EventDate "2022.03.10"]
[EventType "team-tourn"]
[EventRounds "11"]
[EventCountry "BAN"]
[SourceTitle "CBM 207 Extra"]
[Source "ChessBase"]
[SourceDate "2022.05.31"]
[SourceVersion "1"]
[SourceVersionDate "2022.05.31"]
[SourceQuality "1"]
[WhiteTeam "Sheikh Russel"]
[BlackTeam "Titas CC"]
[WhiteTeamCountry "BAN"]
[BlackTeamCountry "BAN"]

1. d4 Nf6 2. c4 e6 3. Nf3 d5 4. Nc3 Bb4 5. cxd5 exd5 6. Bg5 c6 7. Qc2 Nbd7 8. e3 0-0 9. Bd3 Be7 10. 0-0 h6 11. Bh4 Re8 12. Rfe1 Ne4 13. Bxe7 Qxe7 14. Nd2 Nxd2 15. Qxd2 Nf6 16. f3 Kf8 17. a3 Be6 18. b4 a5 19. b5 c5 20. dxc5 Qxc5 21. Ne2 Re7 22. Nd4 Bd7 23. a4 Rae8 24. Rac1 Qb6 25. Bf5 Bxf5 26. Nxf5 Re5 27. Nd4 Nd7 28. Qc3 Kg8 29. Qa3 Qf6 30. Qd3 Nb6 31. Nb3 Nxa4 32. Qd4 Nb6 33. Nxa5 Qg6 34. f4 Re4 35. f5 Qf6 36. Qxf6 gxf6 37. Nxb7 Nc4 38. Nc5 R4e7 39. Nd3 Nxe3 40. Nf4 d4 41. Rb1 Rb8 42. Nh5 Rb6 43. Rb3 Kf8 44. Rc1 Re5 45. Rc8+ Ke7 46. Rc7+ Kd6 47. Rxf7 Kd5 48. Rxf6 Rxf5 49. Rxe3 Rfxf6 50. Nxf6+ Rxf6 51. Re1 d3 52. Rb1 Rb6 53. Kf2 Kd4 54. Ke1 Ke3 55. Rb3 h5 56. g3 h4 57. g4 h3 58. Rb4 Rf6 59. Rb3 Rf4 60. b6 Rxg4 61. Kf1 Ra4 62. Rb1 Rf4+ 63. Kg1 d2 64. b7 Rc4 65. Rf1 Rc1 66. Rxc1 dxc1Q# 0-1

[Event "BAN-chT"]
[Site "Dhaka"]
[Date "2022.03.10"]
[Round "1.6"]
[White "Nayem, Haque"]
[Black "Sakline Mostafa, Sajid"]
[Result "1-0"]
[WhiteElo "2180"]
[BlackElo "2039"]
[PlyCount "93"]
[EventDate "2022.03.10"]
[EventType "team-tourn"]
[EventRounds "11"]
[EventCountry "BAN"]
[SourceTitle "CBM 207 Extra"]
[Source "ChessBase"]
[SourceDate "2022.05.31"]
[SourceVersion "1"]
[SourceVersionDate "2022.05.31"]
[SourceQuality "1"]
[WhiteTeam "Bangladesh Biman"]
[BlackTeam "Sheikh Russel"]
[WhiteTeamCountry "BAN"]
[BlackTeamCountry "BAN"]

1. e4 c6 2. d4 d5 3. e5 c5 4. c3 Nc6 5. Nf3 Bg4 6. Be2 e6 7. 0-0 Nge7 8. Nbd2 Qb6 9. dxc5 Qxc5 10. h3 Bxf3 11. Nxf3 Ng6 12. Re1 Ngxe5 13. Nxe5 Nxe5 14. Bh5 Ng6 15. Be3 Qc6 16. Bd4 Bc5 17. Bxg6 hxg6 18. Bxg7 Rh5 19. Bd4 0-0-0 20. Qf3 Rf5 21. Qe3 Bxd4 22. cxd4 Qd6 23. Re2 Kb8 24. Rc2 Rf4 25. Rac1 Re4 26. Qc3 a6 27. a3 e5 28. Rd2 Qb6 29. Qg3 Qd6 30. dxe5 Qxe5 31. Qxe5+ Rxe5 32. Rcd1 Kc7 33. f4 Re4 34. Rxd5 Rxd5 35. Rxd5 Rxf4 36. Rd2 Rf6 37. Rf2 Rxf2 38. Kxf2 Kd6 39. Kf3 Ke5 40. Kg4 f6 41. Kf3 f5 42. h4 f4 43. Kg4 Ke4 44. Kg5 Ke3 45. Kxg6 Kf2 46. Kg5 f3 47. gxf3 1-0

[Event "BAN-ch U20"]
[Site "Dhaka"]
[Date "2022.02.23"]
[Round "9"]
[White "Mohammed, Sagar Ullah"]
[Black "Sakline Mostafa, Sajid"]
[Result "1-0"]
[WhiteElo "1924"]
[BlackElo "2089"]
[PlyCount "87"]
[EventDate "2022.02.15"]
[EventType "swiss"]
[EventRounds "9"]
[EventCountry "BAN"]
[SourceTitle "CBM 207 Extra"]
[Source "ChessBase"]
[SourceDate "2022.05.31"]
[SourceVersion "1"]
[SourceVersionDate "2022.05.31"]
[SourceQuality "1"]

1. e4 c5 2. Nf3 e6 3. d4 cxd4 4. Nxd4 Nf6 5. Nc3 Nc6 6. Ndb5 d6 7. Be3 a6 8. Nd4 e5 9. Nxc6 bxc6 10. Bc4 Bb7 11. Bb3 Be7 12. 0-0 0-0 13. Qe2 d5 14. exd5 cxd5 15. Bg5 d4 16. Rad1 Nd7 17. Bxe7 Qxe7 18. Rxd4 Nf6 19. Re1 Qc7 20. Rdd1 Rfe8 21. Nd5 Bxd5 22. Bxd5 Rad8 23. Bb3 a5 24. h3 e4 25. Ba4 Rf8 26. c4 h5 27. a3 Rxd1 28. Rxd1 Qc5 29. Bb5 h4 30. Qe3 Qe5 31. Qd4 Qf4 32. c5 Nh5 33. Be2 Nf6 34. b4 g5 35. Qe3 Qe5 36. b5 Rb8 37. c6 Nd5 38. Qd4 Qxd4 39. Rxd4 Nb6 40. c7 Re8 41. Rd8 Kf8 42. Rxe8+ Kxe8 43. Bg4 e3 44. fxe3 1-0

[Event "BAN-ch U20"]
[Site "Dhaka"]
[Date "2022.02.20"]
[Round "6"]
[White "Sakline Mostafa, Sajid"]
[Black "Subrota, Biswas"]
[Result "0-1"]
[WhiteElo "2089"]
[BlackElo "2202"]
[PlyCount "86"]
[EventDate "2022.02.15"]
[EventType "swiss"]
[EventRounds "9"]
[EventCountry "BAN"]
[SourceTitle "CBM 207 Extra"]
[Source "ChessBase"]
[SourceDate "2022.05.31"]
[SourceVersion "1"]
[SourceVersionDate "2022.05.31"]
[SourceQuality "1"]

1. d4 Nf6 2. c4 e6 3. Nf3 c5 4. d5 d6 5. Nc3 exd5 6. cxd5 g6 7. e4 a6 8. a4 Bg4 9. h3 Bxf3 10. Qxf3 Bg7 11. Bc4 0-0 12. 0-0 Nbd7 13. Qe2 Re8 14. Qc2 Qc7 15. f4 Nb6 16. Be2 c4 17. a5 Nbd7 18. Ra4 b5 19. axb6 Nxb6 20. Ra2 Nfd7 21. Be3 Nc5 22. Bf3 Nd3 23. Rfa1 Bxc3 24. Qxc3 Nxd5 25. exd5 Rxe3 26. Rxa6 Rxa6 27. Rxa6 Qc5 28. Kh2 Re8 29. Rc6 Qf2 30. Rxc4 Ne1 31. Rc8 Rxc8 32. Qxc8+ Kg7 33. Qc3+ f6 34. b4 h5 35. b5 Kh6 36. f5 h4 37. fxg6 Qg3+ 38. Kg1 Nxg2 39. Qd2+ Nf4+ 40. Bg2 Kxg6 41. Kf1 Kg5 42. Qb2 Qe3 43. b6 Nd3 0-1

[Event "Dhaka Al Mahmud Memorial"]
[Site "Dhaka"]
[Date "2022.02.10"]
[Round "6"]
[White "Sakline Mostafa, Sajid"]
[Black "Subrota, Biswas"]
[Result "0-1"]
[WhiteElo "2089"]
[BlackElo "2202"]
[PlyCount "74"]
[EventDate "2022.02.05"]
[EventType "swiss"]
[EventRounds "9"]
[EventCountry "BAN"]
[SourceTitle "CBM 206 Extra"]
[Source "ChessBase"]
[SourceDate "2022.03.31"]
[SourceVersion "1"]
[SourceVersionDate "2022.03.31"]
[SourceQuality "1"]

1. d4 Nf6 2. c4 e6 3. Nf3 c5 4. d5 exd5 5. cxd5 d6 6. g3 g6 7. Nc3 Bg7 8. Bg2 0-0 9. 0-0 Re8 10. Bf4 Bf5 11. Qb3 Na6 12. Nh4 Bg4 13. Rfe1 Nh5 14. Bd2 Rb8 15. e4 b5 16. Nd1 c4 17. Qc2 Nc5 18. Ne3 Bd7 19. Bc3 Bxc3 20. bxc3 Nf4 21. Bh1 Ncd3 22. Rf1 Nh3+ 23. Kg2 Rxe4 24. Nf3 Qf6 25. Qd2 Rbe8 26. Rae1 Nhxf2 27. Rxf2 Qe7 28. Nc2 Nxe1+ 29. Nfxe1 Rxe1 30. Nxe1 Qxe1 31. Qf4 Bf5 32. g4 Re4 33. gxf5 Rxf4 34. Rxf4 Qxc3 35. f6 Qd2+ 36. Kg3 Qe1+ 37. Kg2 c3 0-1